Odpowiedż Zaczyna się na 1 - Statystyki

Ogólne statystyki
  • Ten quiz został rozwiązany 83 razy
  • Średni wynik to 9 z 15
Statystyki odpowiedzi
Pytanie Odpowiedż % Poprawnych
Jaka najmniejsza ocena którą możysz dostaćw szkole? 1
100%
Jaka liczba znajduje się między 9 a 11? 10
96%
Jaki wynk wyjdżie jeżeli 1x10? 10
90%
Ile będzie 2x5? 10
90%
Ile to 1 metr w santymetrach? 100
87%
Ile jest pwojewództw w polsce? 16
79%
Ile jest oficjalnych krajów na świecie? 196
73%
ile będzie 10÷10? 1
58%
Jeżeli dzisiaj 20 kwietnia to za ile dni będzie maj? 10
58%
Stoi przed tobą wielki mór z dołu widnieją 6 par nóg.Ile w sumie jest nóg 10
43%
A ile będzie 500÷5? 100
39%
IIle będzie 1+1+1+1+1+1+1+1+1+1x100÷10 ? 100
36%
A ile 2-3? -1
34%
Ile będzie 2-1? 1
24%
Jak nazywa się liczba która ma 1 i sześć zer? 1 mln.
22%
Nie znaleziono quizów pasujących do podanych kryteriów
Rozkład punktacji
Procent ludzi z każdym wynikiem
Percentyl według liczby udzielonych odpowiedzi
Twoja historia wyników
Nie rozwiązałeś tego quizu